| 000 | 00766nam a2200229 i 4500 | ||
|---|---|---|---|
| 001 | bg | ||
| 245 | 0 | 0 |
_aWielka encyklopedia PWN. / _c[red. nacz. Jan Wojnowski] _n5,Sg - Starmach. |
| 260 |
_aWarszawa : _bWydaw. Naukowe PWN, _ccop. 2004. |
||
| 300 |
_a576 s. : _bil. (gł. kolor.), fot., mapy, portr., rys., tab., wykr. ; _c30 cm. |
||
| 650 | 9 | _aEncyklopedia polska | |
| 700 | 1 |
_aWOJNOWSKI, Jan. _eRed. |
|
| 020 | _a830114193X (t. 25) | ||
| 020 | _a8301133570 (30 t.) | ||
| 040 | _cBPK | ||
| 041 | 0 | _apol | |
| 080 | _a0/9(03) | ||
| 920 | _a83-01-14193-X (t. 25) | ||
| 920 | _a83-01-13357-0 (30 t.) | ||
| 942 | _cKS | ||
| 008 | s pl f |000 0 pol | ||
| 999 |
_c45040 _d45040 |
||
| 856 |
_uhttp://koha.tu.koszalin.pl/cgi-bin/koha/opac-detail.pl?biblionumber=45040 _yKatalog online BPK |
||